New Hampshire Basketball: Top 10 All-Time Leaders - Statistics

General Stats
  • This quiz has been taken 7 times
  • The average score is 7 of 91
Answer Stats
Category # Player Amount % Correct
Points 2 Al McClain 1,861
33%
Assists 1 Al McClain 415
33%
Steals 1 Al McClain 224
33%
Field Goal Percent 6 Al McClain 49.0%
33%
Points Per Game 3 Al McClain 18.4
33%
Rebounds 1 Iba Camara 1,016
33%
Blocks T10 Iba Camara 50
33%
Games T1 Iba Camara 122
33%
Blocks 4 Jayden Martinez 65
33%
Three Pointers Made 10 Jayden Martinez 151
33%
Assists T6 Jordon Bonner 260
33%
Games T5 Jordon Bonner 117
33%
Steals 3 Marcus Bullock 138
33%
Three Pointers Made 1 Marcus Bullock 249
33%
Three Pointers Made 9 Matt Alosa 163
33%
Points Per Game 1 Matt Alosa 23.1
33%
Points 10 Scott Drapeau 1,290
33%
Blocks 7 Scott Drapeau 56
33%
Field Goal Percent 4 Scott Drapeau 50.5%
33%
Points Per Game 2 Scott Drapeau 23.0
33%
Points 4 Alvin Abreu 1,564
0%
Three Pointers Made 5 Alvin Abreu 215
0%
Games T5 Alvin Abreu 117
0%
Points 7 Blagoj Janev 1,340
0%
Three Pointers Made 6 Blagoj Janev 185
0%
Rebounds 9 Brian Benson 625
0%
Blocks 2 Brian Benson 77
0%
Steals 7 Bryant Davis 125
0%
Assists 3 Chandler Rhoads 308
0%
Steals 5 Chris Brown 128
0%
Blocks 3 Chris Pelcher 75
0%
Rebounds 10 Clarence Daniels 617
0%
Points Per Game 4 Clarence Daniels 17.4
0%
Assists 10 Colin Donahue 254
0%
Blocks T10 Craig Walls 50
0%
Rebounds 4 Dane DiLiegro 854
0%
Games T9 Dane DiLiegro 116
0%
Three Pointers Made 2 Daniel Dion 244
0%
Games 4 Daniel Dion 118
0%
Rebounds 5 Dan Nolan 826
0%
Steals 10 Dan Nolan 116
0%
Field Goal Percent 1 Dan Nolan 53.8%
0%
Rebounds 2 Dave Pemberton 897
0%
Field Goal Percent 2 Dave Pemberton 52.3%
0%
Points Per Game 6 Dave Pemberton 16.5
0%
Rebounds 6 Dirk Koopman 726
0%
Assists 4 Doug Wilson 283
0%
Steals 2 Doug Wilson 193
0%
Steals 9 Ed Eusebio 117
0%
Points Per Game 10 Eric Feragne 14.9
0%
Rebounds 7 Eric Thielen 686
0%
Blocks T8 Ferg Myrick 51
0%
Field Goal Percent 5 Greg Steele 49.1%
0%
Games T5 Jacoby Armstrong 117
0%
Points 6 Jaleen Smith 1,397
0%
Assists 2 Jaleen Smith 364
0%
Games T1 Jaleen Smith 122
0%
Assists T6 Jermaine Anderson 260
0%
Steals 4 Jermaine Anderson 131
0%
Points Per Game 5 Jim Rich 16.9
0%
Blocks T8 Joe Rains 51
0%
Three Pointers Made 7 Josh Hopkins 175
0%
Assists 9 Keith Carpenter 259
0%
Steals 6 Keith Carpenter 127
0%
Field Goal Percent 10 Keith Dickson 47.0%
0%
Rebounds 8 Matt Acres 680
0%
Field Goal Percent 9 Matt Acres 47.3%
0%
Blocks T5 Mike Keeler 60
0%
Field Goal Percent 8 Paul Dufour 47.3%
0%
Field Goal Percent 3 Peter Laskaris 51.2%
0%
Assists T6 Randy Kinzly 260
0%
Points 3 Robin Dixon 1,590
0%
Assists 5 Robin Dixon 272
0%
Steals 8 Robin Dixon 121
0%
Field Goal Percent 7 Robin Dixon 48.7%
0%
Points Per Game 8 Robin Dixon 15.1
0%
Blocks 1 Rob Marquardt 123
0%
Points 1 Tanner Leissner 1,962
0%
Rebounds 3 Tanner Leissner 862
0%
Points Per Game 7 Tanner Leissner 16.1
0%
Games T1 Tanner Leissner 122
0%
Three Pointers Made 8 Tommy MacDonald 169
0%
Points 8 Tyrece Gibbs 1,329
0%
Blocks T5 Tyrece Gibbs 60
0%
Three Pointers Made 3 Tyrece Gibbs 233
0%
Games T5 Tyrece Gibbs 117
0%
Points 9 Tyrone Conley 1,304
0%
Three Pointers Made 4 Tyrone Conley 222
0%
Games T9 Tyrone Conley 116
0%
Points 5 Wayne Morrison 1,501
0%
Points Per Game 9 Wayne Morrison 14.9
0%
No matching quizzes found
Score Distribution
Percent of People with Each Score
Percentile by Number Answered
Your Score History
You have not taken this quiz